| 000 | 00386nam a2200145Ia 4500 | ||
|---|---|---|---|
| 008 | 230917s9999||||xx |||||||||||||| ||und|| | ||
| 040 |
_e118938 _aMAIN |
||
| 041 | _aEnglish | ||
| 082 | _a338.4791 N312T | ||
| 100 | _aNegi, Jagmohan | ||
| 245 | 0 | _aTravel agency operations: Concepts and principles | |
| 260 |
_aNew Delhi _bKanishka Publishers _c2003 |
||
| 300 | _a282 p. | ||
| 942 | _cBK | ||
| 999 |
_c129498 _d129498 |
||